Селективная флотация кальцийсодержащих минералов: [монография]

Xehetasun bibliografikoak
Egile nagusia: Барский Л. А. Лев Абрамович
Beste egile batzuk: Кононов О. В. Олег Васильевич, Ратмирова Л. И. Людмила Ивановна
Gaia:Список литературы: с. 223-230
Hizkuntza:errusiera
Argitaratua: Москва, Недра, 1979
Gaiak:
Formatua: MixedMaterials Liburua
KOHA link:https://koha.lib.tpu.ru/cgi-bin/koha/opac-detail.pl?biblionumber=675289

MARC

LEADER 00000nam0a2200000 4500
001 675289
005 20241009094203.0
090 |a 675289 
100 |a 20241009d1979 k||y0rusy50 ca 
101 0 |a rus 
102 |a RU 
105 |a a z 001yy 
181 0 |a i   |b  e  
182 0 |a n 
183 0 |a nc  |2 RDAcarrier 
200 1 |a Селективная флотация кальцийсодержащих минералов  |e [монография]  |f Л. А. Барский, О. В. Кононов, Л. И. Ратмирова 
203 |a Текст  |b визуальный  |c непосредственный 
210 |a Москва  |c Недра  |d 1979 
215 |a 232 с.  |c ил. 
283 |a volume  |2 RDAcarrier 
330 |a Список литературы: с. 223-230 
606 1 |a Флотация селективная  |9 80955 
610 1 |a флокуляция 
610 1 |a флюоритовые руды 
610 1 |a шеелитовые руды 
610 1 |a технологическая минералогия 
610 1 |a повеллит 
610 1 |a кристаллы 
675 |a 622.765.063  |v 4 
700 1 |a Барский  |b Л. А.  |g Лев Абрамович 
701 1 |a Кононов  |b О. В.  |g Олег Васильевич 
701 1 |a Ратмирова  |b Л. И.  |g Людмила Ивановна 
801 0 |a RU  |b 63413507  |c 20241009 
830 |a Ретро2024Каталогизация Мотырева 
850 |a 63413507 
942 |c BK